music trivia: guitars - Statistics

General Stats
  • This quiz has been taken 189 times
  • The average score is 7 of 15
Answer Stats
Hint Answer % Correct
Which guitar company, originally based in Kalamazoo Michigan, makes the Les Paul ? Gibson
97%
What company produces the Telecaster and the Stratocaster? Track one on Weezer's 2017 album Pacific Daydream references a Mexican one. Fender
94%
What Japanese guitar brand (with a Spanish name) has signature models endorsed by Steve Vai, Joe Satriani, George Benson and Pat Metheny? Ibanez
73%
Another name for a double coil pick-up, what is the name of the device invented to cancel out the interference (aka "hum") that was common in electric guitars with single coil pick-ups? They are associated with Les Pauls, but are used by many manufacturers. Humbucker
68%
What guitar manufacturer was given a boost when John Lennon, George Harrison and Paul McCartney all used instruments from them? Lemmy, Susanna Hoffs, Peter Buck, Cliff Burton, Joe Walsh, Johnny Marr, Paul Weller and Mike Mills were also known to play this brand famous for it's chiming, jangly sound. Rickenbacker
64%
Which guitar brand was favored by Chet Atkins, Mike Nesmith (on The Monkees TV show), Eddie Cochran, and Chuck Berry? Model names include; The Country Gentleman, The White Falcon, and the Tennessean. Gretsch
60%
What premier acoustic guitar company, headquartered in Nazareth Pennsylvania, made innovations such as the "dreadnaught" body style. Martin
60%
What is the Gibson guitar model favored by Lonnie Mack, Dave Davies and Albert King? It has no actual capacity for becoming autonomously airborne. Flying V
56%
What is the name, "mad-scientist" Eddie Van Halen gave to his home-modified guitar pieced together with his favorite parts of different guitars? Frankenstrat
48%
What is the name resonator guitar makers, the Dopyera Brothers, gave to their company? It has come to be used generically for resonator guitars in general. Dobro
26%
Which acoustic guitar maker created a soundboard innovation by replacing the single large sound hole in the center of the guitar with 22 smaller sound holes in the upper chamber of the guitar body? Players and endorsers of this brand of guitar have included; Larry Coryell, Melissa Ethridge, Bob Marley, Al Di Meola, Kaki King, and Glen Campbell. Ovation
26%
What is the name of Willie Nelson's nylon strung classical style guitar? It's named after a famous singing cowboy's horse. Trigger
24%
What is the anglicized name Bernardo Chavez Rico chose to use for his guitar company? B.C. Rich
16%
What was the four word political message Woody Guthrie had on his guitar? This Machine Kills Fascists
13%
What is the name of the guitar Pat Metheny commisioned from luthier Linda Manzer, requesting that it have "as many strings as possible" (it has 42)? It was given a suitably artistic sounding name. Pikasso
5%
No matching quizzes found
Score Distribution
Percent of People with Each Score
Percentile by Number Answered
Your Score History
You have not taken this quiz